000
00304nam a2200121Ia 4500
008
191201s2014 xx 000 0 und d
100
_a
Morville, Peter
245
0
_a
Information Architecture for the World Wide Web
260
_c
2014
_b
SPD
_a
N.Delhi
300
_a
504+23
650
_a
CSE
942
_2
ddc
_c
BB
999
_c
7693
_d
7693